书目信息 |
| 题名: |
电视摄像技术与艺术
|
|
| 作者: | 卢晓云 , 蒋俊 编著 | |
| 分册: | ||
| 出版信息: | 北京 国防工业出版社 2012 |
|
| 页数: | 13,270页 | |
| 开本: | 23cm | |
| 丛书名: | 广播影视新视角丛书 | |
| 单 册: | ||
| 中图分类: | J931 | |
| 科图分类: | ||
| 主题词: | 电视摄影--摄影技术--高等教育--教材 , 电视摄影 , 摄影技术 | |
| 电子资源: | ||
| ISBN: | 978-7-118-08031-5 | |
| 000 | 01179nam0 2200301 450 | |
| 001 | 523 | |
| 005 | 20140910105234.56 | |
| 010 | @a978-7-118-08031-5@dCNY35.00 | |
| 100 | @a20120712d2012 em y0chiy50 ea | |
| 101 | 0 | @achi |
| 102 | @aCN@b110000 | |
| 105 | @aa z 000yy | |
| 106 | @ar | |
| 200 | 1 | @a电视摄像技术与艺术@ADian Shi She Xiang Ji Shu Yu Yi Shu@f卢晓云,蒋俊编著@FLu Xiao Yun, Jiang Jun Bian Zhu |
| 210 | @a北京@c国防工业出版社@d2012 | |
| 215 | @a13,270页@c图@d23cm | |
| 225 | 2 | @a广播影视新视角丛书@f孙宜君,陈龙主编 |
| 300 | @a普通高等教育“十二五”规划教材 | |
| 330 | @a本书内容突出文科和工科互相渗透、技术与艺术相互结合、理论与实践相互融合的特点,系统介绍人的视觉意识与摄像思维的关系、摄像机的构成原理与相关功能、摄像机的操作技巧、电视画面构成的相关要素、画面的造型要素、电视光线语言的基本原理、运动画面拍摄、画面组接及声音录制等。 | |
| 461 | 0 | @12001 @a广播影视新视角丛书 |
| 606 | 0 | @a电视摄影@x摄影技术@x高等教育@j教材 |
| 606 | 0 | @a电视摄影 |
| 606 | 0 | @a摄影技术 |
| 690 | @aJ931@v5 | |
| 701 | 0 | @a卢晓云@ALu Xiao Yun@4编著 |
| 701 | 0 | @a蒋俊@AJiang Jun@c(影视)@4编著 |
| 801 | 0 | @aCN@bTANGWEI@c20140603 |
| 905 | @b0839608-10@dJ931@e284@f3 | |
| 电视摄像技术与艺术/卢晓云,蒋俊编著.-北京:国防工业出版社,2012 |
| 13,270页:图;23cm.-(广播影视新视角丛书/孙宜君,陈龙主编) |
| 普通高等教育“十二五”规划教材 |
| ISBN 978-7-118-08031-5:CNY35.00 |
| 本书内容突出文科和工科互相渗透、技术与艺术相互结合、理论与实践相互融合的特点,系统介绍人的视觉意识与摄像思维的关系、摄像机的构成原理与相关功能、摄像机的操作技巧、电视画面构成的相关要素、画面的造型要素、电视光线语言的基本原理、运动画面拍摄、画面组接及声音录制等。 |
| ● |
| 相关链接 |
|
|
|
|
正题名:电视摄像技术与艺术
索取号:J931/284
 
预约/预借
| 序号 | 登录号 | 条形码 | 馆藏地/架位号 | 状态 | 备注 |
| 1 | 0839608 | 208396083 | 第一样本阅览室/ [索取号:J931/284] | 在馆 | |
| 2 | 0839609 | 208396092 | 第一借阅区/ [索取号:J931/284] | 在馆 | |
| 3 | 0839610 | 208396109 | 第一借阅区/ [索取号:J931/284] | 在馆 |